Відлуння десятиліть. Українська література другої половини XX століття (Запис № 313950)

МАРК-запис
000 -Лідер
fixed length control field 00713nam a22002297a 4500
001 - Контрольний номер
control field 27601
003 - Ідентифікатор контрольного номера
control field UA-OsUOA
005 - Дата та час останнього входження (трансакції)
control field 20220101210454.0
007 - Фіксоване поле фізичного опису
fixed length control field ta
008 - Елементи даних фіксованої довжини – загальна інформація
fixed length control field 20040908b un ||||| |||| 00| 0 ukr d
020 ## - Міжнародний стандартний книжковий номер (ISBN)
Міжнародний стандартний книжковий номер (ISBN) (НП) 966-95983-6-3
040 ## - Джерело каталогізації
Агенція оригінальної каталогізації UA-OsUOA
Агенція, яка здійснювала перезапис UA-OsUOA
Агенція, яка здійснювала модифікацію UA-OsUOA
Мова каталогізації ukr
041 ## - Код мови
Код мови тексту/ звукової доріжки чи окремого заголовка (П) ukr
080 ## - Індекс Універсальної десяткової класифікації
Індекс Універсальної десяткової класифікації (УДК) (НП) 821.161.2(075.3)
090 ## - Локальний шифр розміщення
Класифікаційний індекс УДК 821.161.2(075.3)
Авторський знак (НП) В42
245 ## - Відомості про назву
Назва (НП) Відлуння десятиліть. Українська література другої половини XX століття
Решта назви (НП) навчальний посібник
Дані про відповідальність (НП) упор. М. О. Сорока
260 ## - Публікація, розповсюдження і т.п. (Вихідні дані)
Місце публікації, розповсюдження і т.п. (П) Київ
Ім’я/ наймення видавництва, розповсюджувача і т.п. (П) Грамота
Дата публікації, розповсюдження і т.п. (П) 2001
300 ## - Фізичний опис
Обсяг 463 с.
650 #7 - Додаткове предметне введення – тематичний термін
Джерело заголовка чи терміна UDC
942 ## - Додаткові елементи входу (Коха)
Тип елемента Koha Книги
Source of classification or shelving scheme Universal Decimal Classification
955 ## - Код типу видання за змістом
Код типу видання за змістом (НП) інше
Фонди
Стан вилучень Стан втрат Джерело класифікації або схеми стелажів Стан уражень Не для кредиту Постійне місце розташування Поточне розміщення Дата придбання Вартість, звичайна ціна покупки Інвентарний номер Усього замовленно Повний номер виклику Штрих-код Дата останнього перегляду Ціна ефективна від Тип елемента Koha
    Universal Decimal Classification     АБ - Абонемент НБ АБ - Абонемент НБ 18/04/2005 7.03 83453   821.161.2(075.3) В42 83453 22/02/2022 08/09/2004 Книги
    Universal Decimal Classification     АБ - Абонемент НБ АБ - Абонемент НБ 18/04/2005 7.03 83454   821.161.2(075.3) В42 83454 22/02/2022 08/09/2004 Книги
    Universal Decimal Classification     АБ - Абонемент НБ АБ - Абонемент НБ 08/09/2004 6.85 93360   821.161.2(075.3) В42 93360 22/02/2022 08/09/2004 Книги
    Universal Decimal Classification     АБ - Абонемент НБ АБ - Абонемент НБ 08/09/2004 6.85 93361   821.161.2(075.3) В42 93361 22/02/2022 08/09/2004 Книги
    Universal Decimal Classification     АБ - Абонемент НБ АБ - Абонемент НБ 08/09/2004 6.85 93362   821.161.2(075.3) В42 93362 22/02/2022 08/09/2004 Книги